00362 a2200121 450000100060000010000220000624500470002826000230007509000170009894200220011599900190013795200840015625484 aMarkushevich, A I aTheory of fuunctions of a complex variable abPrenttice Hallc c17208d17208 aNUST-CAEcMc8012 c260557d260557 001040708NFICaCAEbCAEd2017-04-03l0pCAE11357r2017-04-05w2017-04-05yBK